Autonomía universitaria

Uloženo v:
Podrobná bibliografie
Hlavní autor: Díaz González, Tania (Autor)
Médium: Kniha
Jazyk:španělština
Vydáno: Pamplona EUNSA 1974
Edice:Parerga
Témata:
Tagy: Přidat tag
Žádné tagy, Buďte první, kdo vytvoří štítek k tomuto záznamu!

MARC

LEADER 00000nam a2200000 a 4500
001 UCU0913
003 CL-VaPUC
008 960329e19740000SP |||||||||||||||||spa|d
082 0 4 |a 378.001  |b DIA  |2 21 
100 0 |a Díaz González, Tania  |e author  |9 356406 
245 1 0 |a Autonomía universitaria 
300 |a 304 p 
942 |c BK 
945 |d 19960329 00:00:00  |a cmena 
260 |a Pamplona  |b EUNSA  |c 1974 
650 0 |a Universidades  |9 256317 
650 0 |a Educación superior   |9 223851 
651 0 |a Unión Soviética  |9 256769 
651 0 |a Estados Unidos  |9 255178 
651 0 |a Inglaterra  |9 255158 
651 0 |a Francia  |9 255157 
651 0 |a Italia  |9 254949 
651 0 |a España  |9 254926 
583 |a last modification  |c 19960329 00:00:00  |k Rodrigo Vera 
490 0 |a Parerga 
999 |c 245691  |d 245689 
952 |0 0  |1 0  |4 0  |6 378_001000000000000_DIA_1974  |7 0  |8 P  |9 260280  |a BIBEDU  |b BIBEDU  |c BIBEDU_PB  |d 2019-11-19  |i 1638696  |o 378.001 DIA 1974  |p 1638696  |r 2024-01-25  |w 2019-11-19  |y BK  |k EDU